Music Quiz

Random Music or Lyrics Quiz

American Pie Lyrics Quiz Stats

 Plays Quiz Updated Feb 3, 2017

     
Support Sporcle.
Go Orange.
Score 0/96 Timer 14:00
5 Plays Today
Line Answer % Correct
A longlong time ago
95.7%
so, bye-byeMiss American Pie
86.9%
drove my Chevy to the leveebut the levee was dry
86.1%
singin' this'll be theday that I die
83.5%
the daythe music died
81%
and do you have faithin God above
77.9%
but Februarymade me shiver
76.6%
did you writethe book of love
76.5%
I started singin' bye byeMiss American Pie
75.1%
drove my Chevy to the leveebut the levee was dry
74.4%
bad news on the doorstepI couldn't take one more step
74%
and singin' this'll bethe day that I die
73.2%
and maybe they'dbe happy for a while
72.9%
and do you believein rock and roll
72.8%
with everypaper I delivered
72.6%
and them good old boyswere drinkin' whiskey and rye
72.4%
if the Bibletells you so
71.7%
but I knew I was out of luckthe day the music died
70.4%
and can you teach mehow to dance real slow
70.2%
and I knew if I had my chancethat I could make those people dance
69.3%
can music saveyour mortal soul
69.2%
'cause I saw youdancin' in the gym
69%
then somethingtouched me deep inside
67.5%
I can't remember if i criedwhen I read about his widowed bride
66.9%
we were singin' bye-byeMiss American Pie
66.7%
and them good old boyswere drinkin' whiskey and rye
66.5%
I can still remember how thatmusic used to make me smile
66.4%
drove my Chevy to the leveebut the levee was dry
66.2%
and singin' this'll be theday that I die
65.6%
in a coat he borrowedfrom James Dean
65.2%
and moss grows faton a rollin' stone
64.7%
I was a lonely teenage broncin' buckwith a pink carnation and a pickup truck
64.3%
Line Answer % Correct
well I knowthat you're in love with him
63.7%
you bothkicked off your shoes
63.3%
them good old boyswere drinkin' whiskey and rye
60.4%
and we sang dirges in the darkthe day the music died
59.1%
we started singin' bye-byeMiss American Pie
58.7%
so come on Jack, be nimbleJack be quick
58.5%
drove my Chevy to the leveebut the levee was dry
58.2%
man, I digthose rhythm and blues
57.9%
now for ten years...we've been on our own
57.8%
and singin' this'll be theday that I die
57.8%
do you recall what was revealedthe day the music died
54%
them good old boyswere drinkin' whiskey and rye
54%
and he was singin' bye-byeMiss American Pie
53.6%
oh, and whilethe king was looking down
53.5%
drove my chevy to the leveebut the levee was dry
53.4%
but that's nothow it used to be
53.2%
when the jestersang for the king and queen
53.2%
the courtroom was adjournedno verdict was returned
53.2%
and singin' this'll be theday that I die
52.6%
the jesterstole his thorny crown
52.5%
helter skelterin a summer swelter
51.9%
the day themusic died
51.5%
the marching bandrefused to yield
49.7%
'cause fire is theDevil's only friend
49.4%
them good old boyswere drinkin' whiskey and rye
49.2%
and a voicethat came from you and me
49%
eight miles highand falling fast
48.5%
'cause the players tried totake the field
48.2%
and while Lenin (Lennon)read a book on Marx
48.1%
Jack flashsat on a candlestick
47.2%
the Father, the Sonand the Holy Ghost
47%
the quartetpracticed in the park
46.9%
Line Answer % Correct
and they were singin' bye-byeMiss American Pie
46.6%
drove my Chevy to the leveebut the levee was dry
46%
the day themusic died
45.9%
oh, but we nevergot the chance
45.7%
now the half-time airwas sweet perfume
45.5%
and singin' this'll be theday that I die
45.3%
we allgot up to dance
44.3%
while the sergeantsplayed a marching tune
43.7%
I met a girlwho sang the blues
43.1%
and I asked her forsome happy news
42.8%
oh, and there we were all in one placea generation lost in space
42.7%
and them good old boyswere drinkin' whiskey and rye
42.5%
the players triedfor a forward pass
41.7%
my hands wereclenched in fists of rage
41.5%
but she justsmiled and turned away
41.2%
with the jester on thesidelines in a cast
40.1%
but the man theresaid the music wouldn't play
39.8%
they caughtthe last train for the coast
39.4%
where I'd heardthe music years before
39.3%
I saw Satanlaughing with delight
39%
but not a word was spokenthe church bells all were broken
39%
and the threemen I admire most
38.5%
oh, and as I watched himon the stage
37.3%
no angel born in hellcould break that Satan's spell
37.2%
the lovers cried andthe poets dreamed
36.8%
and as the flames climbedhigh into the night
36.2%
the birds flew offwith a fallout shelter
35.4%
I went down tothe sacred store
35.3%
with no timeleft to start again
35.1%
it landed foulon the grass
33.7%
and in the streetsthe children screamed
33.3%
to light, thesacrificial rite
25.3%

From the Vault

Celebration by Peanuts Special

by MRL

Holiday 4m
Good grief, this quiz will take you down memory lane.
Remove Ads.
Support Sporcle.
Get the best of Sporcle when you Go Orange. This ad-free experience offers more features, more stats, and more fun while also helping to support Sporcle. Thank you for becoming a member.

Show Comments

Extras

Top Quizzes Today


Score Distribution

Your Account Isn't Verified!

In order to create a playlist on Sporcle, you need to verify the email address you used during registration. Go to your Sporcle Settings to finish the process.

Report this User

Report this user for behavior that violates our Community Guidelines.

Details: